000 01260nam a2200265Ia 4500
003 OSt
005 20220930094751.0
006 a|||||r|||| 00| 0
007 ta
008 220926b |||||||| |||| 00| 0 hin d
024 _a10802
037 _cTheses
040 _aCRL
_cCRL
_bhin
041 _2hin
_ahin
100 _aअनुपमा कुमारी, ले.
110 _aदिल्ली विश्वविद्यालय. संगीत एवं ललित कला संकाय. संगीत विभाग
_9556233
245 0 _aवर्तमान समय में गिटार वाद्य की विभिन्न वादन शैलियों का तुलनात्मक अध्ययन
246 _aVartamān samaya mean giṭār vādya kī vibhinna vādan shailiyoan kā tulanātmak adhyayana
260 _c2012
300 _a237पृ0
_ap.
_ccm.
650 _aभारतीय संगीत
700 _aदिल्ली विश्वविद्यालय. संगीत एवं ललित कला संकाय. संगीत विभाग
_9556234
942 _cDIS
_2CC
999 _c887645
_d887645